| 000 | 00554nam a22001817a 4500 | ||
|---|---|---|---|
| 003 | OSt | ||
| 005 | 20170518095858.0 | ||
| 008 | 160114b xxu||||| |||| 00| 0 eng d | ||
| 020 | _a0415279836 | ||
| 040 |
_aMMU _beng _cMMU |
||
| 100 |
_9330 _aTaylor Frederick Winslow |
||
| 245 |
_aScientific Management _bthe early sociology of management and organizations _cFrederick Winslow Taylor |
||
| 260 |
_aLondon : _bRoutledge, _c2003 |
||
| 300 | _a287 p. | ||
| 500 | _aincludes index | ||
| 650 | 0 |
_9331 _ascientific management |
|
| 942 |
_2lcc _cLOAN LOAN _evolume 1 |
||
| 999 |
_c16165 _d16165 |
||